000
00331nam a22001457a 4500
008
230615b ||||| |||| 00| 0 eng d
020
_a
978895030535
041
_a
eng
080
_a
28
082
_a
28LAW
100
_a
30
101
_a
HIS
245
_a
SPECIAL RESEARCH METHODS FOR GERONTOLOGY
_c
LAWTON .P.M
942
_2
udc
_c
BK
999
_c
59979
_d
59979